00000000nam 2200000zi 4500
0019.939678
003CaOODSP
00520241126094835
006m     o  d f      
007cr mn|||||||||
008240621e197909##onc     ob   f000 0 eng d
040 |aCaOODSP|beng|erda|cCaOODSP
043 |an-cn---|an-us---
0861 |aCo22-762/1979E-PDF
1001 |aLucyk, J. R., |eauthor.
24510|aTelevision and the hearing-impaired / |cJ.R. Lucyk.
264 1|a[Ottawa] : |bBroadcasting and Social Policy Branch, Department of Communications, |cSeptember 1979.
300 |a1 online resource (22 pages)
336 |atext|btxt|2rdacontent
337 |acomputer|bc|2rdamedia
338 |aonline resource|bcr|2rdacarrier
500 |aIssued also in French under title: La télévision et les déficients auditifs.
500 |aDigitized edition from print [produced by Innovation, Science and Economic Development Canada].
504 |aIncludes bibliographical references (page 22).
650 0|aTelevision for hard of hearing people|zCanada.
650 0|aClosed captioning|zCanada.
650 0|aTelevision for hard of hearing people|zUnited States.
650 0|aClosed captioning|zUnited States.
7101 |aCanada. |bDepartment of Communications. |bBroadcasting and Social Policy Branch, |eissuing body.
77508|tLa télévision et les déficients auditifs / |w(CaOODSP)9.945561
85640|qPDF|s788 KB|uhttps://publications.gc.ca/collections/collection_2024/isde-ised/co22/Co22-762-1979-eng.pdf